Flagi dawnych republik ZSRR - Statystyki

Ogólne statystyki
  • Ten quiz został rozwiązany 104 razy
  • Średni wynik to 6 z 15
Statystyki odpowiedzi
Obrazkowy Odpowiedź % Poprawnych
Białoruś
97%
Rosja
74%
Estonia
55%
Litwa
51%
Ukraina
51%
Łotwa
46%
Mołdawia
38%
Kirgistan
35%
Gruzja
31%
Kazachstan
31%
Armenia
29%
Tadżykistan
28%
Azerbejdżan
26%
Turkmenistan
26%
Uzbekistan
23%
Nie znaleziono quizów pasujących do podanych kryteriów
Rozkład punktacji
Procent ludzi z każdym wynikiem
Percentyl według liczby udzielonych odpowiedzi
Twoja historia wyników
Nie rozwiązałeś tego quizu